| 000 | 00453pab a2200157 454500 | ||
|---|---|---|---|
| 008 | 180718b2006 xxu||||| |||| 00| 0 eng d | ||
| 100 | _aPrimiceri, Giorgio E. | ||
| 245 | _aWhy inflation rose and fell: policy-makers beliefs and US postwar stabilization policy | ||
| 260 | _c2006 | ||
| 300 | _ap.867-901. | ||
| 362 | _aAug | ||
| 650 | _aInflation - United States | ||
| 650 | _aInflation | ||
| 773 | _aQuarterly Journal of Economics | ||
| 909 | _a71894 | ||
| 999 |
_c71894 _d71894 |
||